| 000 | 00972cam a2200301 a 4500 | ||
|---|---|---|---|
| 005 | 20260322212019.0 | ||
| 008 | data | ||
| 010 | _a 2007271892 | ||
| 020 | _a9780307383419 | ||
| 020 | _a0307383415 | ||
| 040 |
_aDLC _cDLC |
||
| 043 | _an-us--- | ||
| 050 | 0 | 0 |
_aE185.97.O23 _bA3 2007 |
| 082 | 0 | 0 |
_aB _aB _222 |
| 100 | 1 | _aObama, Barack. | |
| 245 | 1 | 0 |
_aDreams from my father : _ba story of race and inheritance / _cBarack Obama. |
| 250 | _a1st ed. | ||
| 260 |
_aNew York : _bCrown Publishers, _c[2007], c2004. |
||
| 300 |
_axvii, 442 p. ; _c25 cm. |
||
| 500 | _aOriginally published: New York : Times Books, c1995. With new introd. | ||
| 500 | _aThis edition appears without the keynote address to the Democratic Convention, 2004. | ||
| 600 | 1 | 0 | _aObama, Barack. |
| 650 | 0 |
_aAfrican Americans _vBiography. |
|
| 650 | 0 |
_aRacially mixed people _zUnited States _vBiography. |
|
| 650 | 0 |
_aRacism _zUnited States. |
|
| 651 | 0 |
_aUnited States _xRace relations. |
|
| 001 | data | ||
| 999 |
_c431 _d431 |
||